[Event "Tuzla"]
[Site "Tuzla"]
[Date "1981.??.??"]
[Round "6"]
[White "Farago, Ivan"]
[Black "Kurajica, Bojan"]
[Result "1/2-1/2"]
[WhiteElo "2515"]
[BlackElo "2500"]

1.d4 Nf6 2.c4 e6 3.Nc3 Bb4 4.Nf3 d5 5.Bg5 h6 6.Bxf6 Bxc3+ 7.bxc3 Qxf6 8.e3 O-O
9.Bd3 dxc4 10.Bxc4 b6 11.O-O Bb7 12.Ne5 Qg5 13.g3 Qe7 14.Be2  1/2-1/2

[Event "URS-FL49"]
[Site "Volgodonsk"]
[Date "1981.??.??"]
[Round "10"]
[White "Ubilava, Elizbar"]
[Black "Kharitonov, Andrei Y"]
[Result "1/2-1/2"]
[WhiteElo "2455"]
[BlackElo "2460"]

1.c4 e6 2.d4 Nf6 3.Nc3 Bb4 4.Nf3 b6 5.Bg5 Bb7 6.e3 h6 7.Bh4 g5 8.Bg3 Ne4
9.Qc2 Bxc3+ 10.bxc3 Nxg3 11.hxg3 Nc6 12.Nd2 Qe7 13.c5 Na5 14.f3 h5 15.Kf2 g4
16.Rh4 gxf3 17.gxf3 O-O-O 18.Be2 Rdg8 19.Rah1 Qg5 20.R1h3 e5 21.cxb6 axb6
22.Qd3 d6 23.Nf1 Kb8 24.Rh2 Re8 25.f4 exf4 26.gxf4 Qd5 27.c4 Qc6 28.d5 Qa4
29.Rxh5 Rxh5 30.Rxh5 Qxa2 31.Nd2 Qa1 32.Qd4 Qa2 33.Rh8 Rxh8 34.Qxh8+ Bc8
35.Ke1 Qa3 36.Kf2 Qc1 37.Nf1 Nxc4 38.Qf8 f5 39.Qe8 Qb2 40.Ng3 Qc2 41.Nxf5 Qxf5
42.Bxc4 Qc2+ 43.Be2 Qd2 44.Qg8  1/2-1/2

[Event "Yerevan"]
[Site "Yerevan"]
[Date "1981.??.??"]
[Round "1"]
[White "Ubilava, Elizbar"]
[Black "Rositsan, Max"]
[Result "1/2-1/2"]
[WhiteElo "2455"]
[BlackElo "2200"]

1.d4 Nf6 2.c4 e6 3.Nc3 Bb4 4.Nf3 Ne4 5.Qc2 f5 6.e3 b6 7.Bd3 Bb7 8.O-O Nxc3
9.bxc3 Bxf3 10.gxf3 Qg5+ 11.Kh1 Bd6 12.f4 Qh4 13.Rg1 O-O 14.Qe2 Nc6 15.Bd2 Rf6
16.Rg2 Rh6 17.Rag1 Kh8 18.f3 Rg8 19.Rg5 Rf6 20.Qg2 Qh6 21.Rg3 Ne7 22.Qf1 Rg6
23.Rh3 Rxg1+ 24.Kxg1 Qg6+ 25.Rg3 Qh6 26.Kh1 g5 27.Rh3 Qg7 28.fxg5 Qxg5 29.f4 Qg6
30.Rg3 Qh6 31.Rh3 Qg6 32.Be2 Qe8 33.Bf3 Rg7 34.Rg3 Rxg3 35.hxg3 Qg6 36.Qe1 Ng8
37.e4 Nh6 38.Kg2 Be7 39.exf5 Nxf5 40.Kh3 Qh6+ 41.Kg2 Qg6 42.Kh3 Qh6+  1/2-1/2

[Event "Yerevan"]
[Site "Yerevan"]
[Date "1981.??.??"]
[Round "7"]
[White "Ubilava, Elizbar"]
[Black "Klovsky, Rafail"]
[Result "0-1"]
[WhiteElo "2455"]
[BlackElo "2200"]

1.d4 Nf6 2.c4 e6 3.Nc3 Bb4 4.Nf3 c5 5.g3 cxd4 6.Nxd4 O-O 7.Bg2 d5 8.Qb3 Bxc3+
9.bxc3 e5 10.Nb5 dxc4 11.Qxc4 a6 12.Nc7 Ra7 13.Nd5 Nxd5 14.Qxd5 Qxd5 15.Bxd5 b5
16.Ba3 Rd8 17.O-O-O Rad7 18.e4 Re8 19.Kc2 Bb7 20.Bxb7 Rxb7 21.Rd6 f6 22.Rhd1 Kf7
23.Kb3 Rc8 24.h4 a5 25.h5 Rcc7 26.R1d5 Nd7 27.Kc2 b4 28.Bc1 a4 29.Be3 Rxc3+
30.Kb1 Rcc7 31.a3 Nf8 32.Rc5 bxa3+ 33.Ka2 Rxc5 34.Bxc5 Ne6 35.Bxa3 Ng5 36.f3 Nxf3
37.Ra6 Nd4 38.Bb2 Nb5 39.Rxa4 Ra7 40.Rxa7+ Nxa7 41.Kb3 Nc8 42.Kc4 Nd6+ 43.Kd3 g6
44.hxg6+ Kxg6 45.Ba3 Nf7 46.Kc4 Ng5 47.Kd3 Kh5 48.Be7 Kg4 49.Bxf6 Nf3 50.Kc4  0-1

[Event "DDR-POL-CSR U26"]
[Site "Zinnowitz"]
[Date "1981.??.??"]
[Round "?"]
[White "Stempin, Pawel"]
[Black "Mokry, Karel"]
[Result "0-1"]
[WhiteElo "2325"]
[BlackElo "2410"]

1.d4 Nf6 2.c4 e6 3.Nf3 Bb4+ 4.Nc3 O-O 5.Bg5 h6 6.Bh4 Bxc3+ 7.bxc3 d6 8.Nd2 Nbd7
9.e4 e5 10.Bd3 Re8 11.f3 Nf8 12.Nf1 Ng6 13.Bf2 Nf4 14.Ne3 exd4 15.cxd4 c5
16.O-O cxd4 17.Nc2 Nd7 18.Bxd4 Ne5 19.Be2 Qg5 20.g3 Bh3 21.Re1 f5 22.Bf1 Bxf1
23.Bxe5 dxe5 24.Kxf1 Rad8 25.Qc1 Ne6 26.Qxg5 Nxg5 27.exf5 Nxf3 28.Re2 Nd2+
29.Kf2 Nxc4 30.Rb1 b6 31.Rb4 Nd6 32.g4 Nb7 33.h4 Nc5 34.Rc4 Rc8 35.Ke3 Red8
36.Ne1 Rc7 37.Rd2 Rxd2 38.Kxd2 h5 39.Nf3 e4 40.Ne5 Re7 41.Nc6 Rd7+ 42.Ke3 hxg4
43.Ne5 Rd5 44.Kf4 e3  0-1

[Event "Baile Herculane zt"]
[Site "Baile Herculane"]
[Date "1982.??.??"]
[Round "4"]
[White "Pinter, Jozsef"]
[Black "Ambroz, Jan"]
[Result "0-1"]
[WhiteElo "2520"]
[BlackElo "2430"]

1.d4 Nf6 2.c4 e6 3.Nc3 Bb4 4.Nf3 b6 5.Bg5 h6 6.Bh4 Bb7 7.e3 c5 8.Bd3 cxd4
9.exd4 Bxc3+ 10.bxc3 d6 11.O-O O-O 12.Nd2 Nbd7 13.a4 Qc7 14.Re1 Rfe8 15.Bg3 Qc6
16.Bf1 Nf8 17.a5 Ng6 18.Rb1 e5 19.Qb3 Nd7 20.f3 Rab8 21.Qa3 Ne7 22.Bf2 Qc7
23.Bd3 Ba8 24.Ra1 Bc6 25.Reb1 Bb7 26.Rb2 Ng6 27.Bg3 Nf4 28.Bf1 Nf6 29.Rab1 Bc8
30.dxe5 dxe5 31.c5 Bf5 32.cxb6 axb6 33.axb6 Qd8 34.Ne4 Nxe4 35.fxe4 Bxe4
36.Re1 Bc6 37.Qc5 Qf6 38.Rd2 Bb7 39.Rd7 Kh8 40.Qd6 Qf5 41.c4 Bxg2 42.Bxg2 Nxg2
43.Kxg2 Rxb6 44.Qxb6 Qxd7 45.Qb5 Qd2+ 46.Kh3 Qd8 47.Rd1 Qa8 48.Qd5 Qc8+ 49.Kg2 Qg4
50.Re1 f6 51.c5 Rb8 52.c6 Rb2+ 53.Kh1 Rc2 54.Rb1 e4  0-1

[Event "Baile Herculane zt"]
[Site "Baile Herculane"]
[Date "1982.??.??"]
[Round "16"]
[White "Farago, Ivan"]
[Black "Suba, Mihai"]
[Result "1/2-1/2"]
[WhiteElo "2485"]
[BlackElo "2500"]

1.d4 Nf6 2.c4 e6 3.Nc3 Bb4 4.Nf3 c5 5.g3 Nc6 6.Bg2 Ne4 7.Bd2 Nxd2 8.Qxd2 cxd4
9.Nxd4 O-O 10.O-O a6 11.Nc2 Be7 12.Rfd1 Qc7 13.Rac1 Rd8 14.Ne3 Qa5 15.a3 d6
16.b4 Qh5 17.Na4 Bd7 18.Nb6 Rab8 19.f4 Be8 20.Bf3 Qg6 21.Kg2 Bf8 22.Nc2 Ne7
23.c5 Nc6 24.Qc3 dxc5 25.Rxd8 Rxd8 26.bxc5 h5 27.Nb4 h4 28.Nxc6 Bxc6 29.Bxc6 bxc6
30.Qf3 Rd2 31.Nc4 Rc2 32.Rxc2 Qxc2 33.Qd3 Qc1 34.Ne5 h3+ 35.Kf3 Qxc5 36.a4 Bd6
37.Qxa6 Bxe5 38.fxe5 Qd5+ 39.e4 Qd1+ 40.Kf4 Kh7 41.Qxc6 Qd2+ 42.Kg4 Qxh2  1/2-1/2

[Event "Baile Herculane zt"]
[Site "Baile Herculane"]
[Date "1982.??.??"]
[Round "17"]
[White "Pinter, Jozsef"]
[Black "Gheorghiu, Florin"]
[Result "1-0"]
[WhiteElo "2520"]
[BlackElo "2550"]

1.d4 Nf6 2.c4 e6 3.Nc3 Bb4 4.Nf3 c5 5.e3 O-O 6.Bd3 d5 7.O-O Nbd7 8.cxd5 exd5
9.a3 Ba5 10.b4 cxb4 11.Nb5 a6 12.Qb3 bxa3 13.Nd6 Bc7 14.Bxa3 Bxd6 15.Bxd6 Re8
16.Rfc1 Qb6 17.Qa3 Ne4 18.Bf4 Nf8 19.Rab1 Qd8 20.Bc7 Qe7 21.Qb3 Ne6 22.Be5 Qd8
23.Bxe4 dxe4 24.Nd2 Nf8 25.Nc4 b5 26.Nd6 Re7 27.Qc3 Bd7 28.d5 f6 29.Bg3 Qb6
30.Nc4 Qa7 31.Qb4 Be8 32.Na5 Rd7 33.Nc6 Qb7 34.d6 Kh8 35.Nd4 Bf7 36.Rc7 Qd5
37.Rbc1 Rad8 38.Qa5 Qa8 39.R7c6 Bc4 40.Rxa6 Qd5 41.Rc6 Qf7 42.Nxb5 Bxb5 43.Qxb5 Qe6
44.h4 Kg8 45.Rc7 h6 46.Qc6 Kh7 47.Rc4 Re8 48.Qa4 g5 49.hxg5 hxg5 50.Qc2 Qg4
51.Rc8 Rxc8 52.Rxc8 Ne6 53.Rc4 f5 54.Be5 Kg6 55.Rc8 Rh7 56.Qb3 f4 57.Re8 Nc5
58.Rg8+ Kh5 59.Qd5 fxe3 60.Bf6 Ne6 61.fxe3 Rf7 62.Be7 Kh6 63.Rh8+ Kg7 64.Qe5+ Kg6
65.Rg8+ Ng7 66.Qd5 Rf5 67.Qd4  1-0

[Event "Budapest"]
[Site "Budapest"]
[Date "1982.??.??"]
[Round "7"]
[White "Zsinka, Laszlo"]
[Black "Szekely, Peter"]
[Result "1/2-1/2"]
[WhiteElo "2335"]
[BlackElo "2430"]

1.d4 Nf6 2.c4 e6 3.Nc3 Bb4 4.Nf3 b6 5.Bg5 Bb7 6.e3 h6 7.Bh4 g5 8.Bg3 Ne4
9.Qc2 Bxc3+ 10.bxc3 Nxg3 11.hxg3  1/2-1/2

[Event "CSR-ch"]
[Site "Frenstat"]
[Date "1982.??.??"]
[Round "1"]
[White "Ftacnik, Lubomir"]
[Black "Prandstetter, Eduard"]
[Result "0-1"]
[WhiteElo "2560"]
[BlackElo "2410"]

1.d4 e6 2.c4 Nf6 3.Nc3 Bb4 4.Nf3 c5 5.g3 cxd4 6.Nxd4 Ne4 7.Qd3 Qa5 8.Nb3 Nxc3
9.Bd2 Ne4 10.Qxe4 Bxd2+ 11.Nxd2 Nc6 12.Bg2 O-O 13.Qe3 d5 14.O-O d4 15.Qd3 e5
16.a3 Bf5 17.Ne4 Bg6 18.b4 Qc7 19.f4 f5 20.Ng5 e4 21.Qd2 Bf7 22.g4 g6 23.Rac1 Rad8
24.h4 h6 25.Nxf7 Qxf7 26.h5 gxh5 27.gxf5 Qxf5 28.Kh2 Kh7 29.b5 Ne7 30.Qc2 d3
31.Qc3 Kg8 32.e3 Ng6 33.c5 Kh7 34.Bh3 Qf7 35.c6 d2 36.Rcd1 Rd3 37.Qc2 Rxe3
38.Rxd2 Nxf4 39.Bg2 Qe6 40.Rd7+ Kg8 41.Rg1 Kh8 42.Qb2+ Rf6 43.Re1 Nxg2 44.Rd8+ Kh7
45.Rxe3 Nxe3 46.cxb7 Ng4+ 47.Kg2 Ne3+ 48.Kh2 Ng4+ 49.Kg2 Qf5 50.Rh8+ Kg7
51.Qe2 Ne3+ 52.Qxe3 Rg6+ 53.Kh2 Qe5+ 54.Kh3 Qe6+ 55.Kh2 Qa2+  0-1

[Event "Hamar op"]
[Site "Hamar"]
[Date "1982.??.??"]
[Round "3"]
[White "Sapi, Laszlo"]
[Black "Myreng, Svein G"]
[Result "1/2-1/2"]
[WhiteElo "2365"]
[BlackElo "2220"]

1.d4 Nf6 2.c4 e6 3.Nc3 Bb4 4.Nf3 c5 5.e3 O-O 6.Bd3 d5 7.O-O cxd4 8.exd4 dxc4
9.Bxc4 b6 10.Bg5 Bb7 11.Re1 Nbd7 12.Rc1 Rc8 13.Bd3 Re8 14.Bh4 Be7  1/2-1/2

[Event "Luzern ol (Men)"]
[Site "Luzern"]
[Date "1982.??.??"]
[Round "11"]
[White "Pinter, Jozsef"]
[Black "Hulak, Krunoslav"]
[Result "1/2-1/2"]
[WhiteElo "2550"]
[BlackElo "2495"]

1.d4 Nf6 2.c4 e6 3.Nc3 Bb4 4.Nf3 d5 5.e3 O-O 6.Bd3 c5 7.O-O dxc4 8.Bxc4 Nbd7
9.Qe2 b6 10.Rd1 cxd4 11.exd4 Bb7 12.Bd2 Rc8 13.Bd3 Bxc3 14.bxc3 Qc7 15.Rac1 Rfe8
16.Re1 h6 17.h3 Nd5 18.Qe4 Nf8 19.Qh4 Ne7 20.Ne5 f6 21.Nf3 Nf5 22.Qg4 Qf7
23.Nh4 h5 24.Qf4 Ne7 25.Qg3 Kh8 26.f4 g6 27.Qf2 Nf5 28.Nf3 Red8 29.g4 Ng7
30.Be3 Rc7 31.c4 Qd7 32.Bf1 Kg8 33.Qg3 Rdc8 34.Nh4 hxg4 35.hxg4 Qa4 36.c5 Qa3
37.Qh3 Bd5 38.f5 gxf5 39.gxf5 Nxf5 40.Nxf5 exf5 41.Qxf5 Rg7+ 42.Kf2 Be6 43.Bc4 Bxc4
44.Rxc4 Qxa2+ 45.Rc2 Qe6 46.Qxe6+ Nxe6 47.Rec1 bxc5 48.d5 Ng5 49.Bxg5 Rxg5
50.Rxc5 Rd8 51.Ra1 Rd7  1/2-1/2

[Event "Minsk"]
[Site "Minsk"]
[Date "1982.??.??"]
[Round "?"]
[White "Psakhis, Lev"]
[Black "Mochalov, Evgeny V"]
[Result "1-0"]
[WhiteElo "2545"]
[BlackElo "2435"]

1.d4 Nf6 2.c4 e6 3.Nc3 Bb4 4.Nf3 c5 5.e3 b6 6.Be2 Bb7 7.O-O Bxc3 8.bxc3 d6
9.Nd2 O-O 10.f3 d5 11.Qc2 Nbd7 12.cxd5 Nxd5 13.Nb3 cxd4 14.cxd4 Rc8 15.Qd2 f5
16.Bd3 Qe7 17.Re1 a5 18.Rb1 N7f6 19.Bb2 Qb4 20.Qe2 Rf7 21.Nd2 Rfc7 22.Ba1 Qa4
23.a3 f4 24.Bb5 Qxa3 25.e4 Qe3+ 26.Qf2 Qxf2+ 27.Kxf2 Rc2 28.Re2 Nb4 29.g3 fxg3+
30.hxg3 Kf7 31.d5 R2c5 32.dxe6+ Kxe6 33.Nb3 Kf7 34.Nxc5 Rxc5 35.Ba4 Ba6 36.Rd2 b5
37.Bb3+ Ke7 38.Bd4 Rh5 39.Ke3 a4 40.g4 Nxg4+ 41.fxg4 Rh3+ 42.Kf4 Nd3+ 43.Rxd3 Rxd3
44.Bc5+  1-0

[Event "POL-ch"]
[Site "POL"]
[Date "1982.??.??"]
[Round "?"]
[White "Stempin, Pawel"]
[Black "Szymczak, Zbigniew"]
[Result "1-0"]
[WhiteElo "2350"]
[BlackElo "2395"]

1.d4 Nf6 2.c4 e6 3.Nc3 Bb4 4.Nf3 c5 5.g3 cxd4 6.Nxd4 O-O 7.Bg2 d5 8.cxd5 Nxd5
9.Bd2 Bxc3 10.bxc3 e5 11.Nb5 a6 12.Bc1 axb5 13.Bxd5 Nc6 14.O-O Qa5 15.Qd3 Bh3
16.Re1 Rad8 17.Bg5 Rd7 18.Qf3 Be6 19.e4 h6 20.Bd2 Qd8 21.Rad1 Qe7 22.Be3 Rfd8
23.Bb6 Ra8 24.Qe2 b4 25.Qc4 bxc3 26.Qxc3 Qf6 27.Rd2 Nd4 28.Bxd4 exd4 29.Qc4 Bxd5
30.exd5 g6 31.a4 Qa6 32.Qxd4 Rad8 33.Qe4 Qa5 34.Red1 Rd6 35.Rd4 Qc3 36.Kg2 h5
37.R1d3 Qc2 38.Qf4 Qc5 39.Qe5 Qa5 40.h3 Qc5 41.g4 hxg4 42.hxg4 f6 43.Qe4 Kf7
44.Rh3 Rg8 45.Rh7+ Rg7 46.Rc4 Qb6 47.Rc8  1-0

[Event "POL-ch"]
[Site "POL"]
[Date "1982.??.??"]
[Round "?"]
[White "Stempin, Pawel"]
[Black "Adamski, Jan"]
[Result "1-0"]
[WhiteElo "2350"]
[BlackElo "2425"]

1.d4 Nf6 2.c4 e6 3.Nc3 Bb4 4.Nf3 c5 5.g3 cxd4 6.Nxd4 O-O 7.Bg2 d5 8.cxd5 Nxd5
9.Bd2 Bxc3 10.bxc3 e5 11.Nb5 a6 12.Bc1 axb5 13.Qxd5 Qc7 14.O-O Ra5 15.Be3 Na6
16.Rfc1 Rd8 17.Qf3 Ra3 18.Qh5 Ra4 19.f4 exf4 20.gxf4 Rc4 21.Rd1 Rf8 22.Bd4 Qxf4
23.Rf1 Qg4 24.Qxb5 Rc6 25.Rf3 Rg6 26.Rg3 Qh4 27.Rxg6 hxg6 28.Bxb7 Nc7 29.Qe5 Ne6
30.Bd5 Nxd4 31.cxd4 Bh3 32.a4 Kh7 33.Kh1 Rd8 34.a5 Bf5 35.Bf3 Rxd4 36.a6 Ra4
37.a7 f6 38.Qc3 Be4 39.Rxa4 Bxf3+ 40.Qxf3 Qxa4  1-0

[Event "Rome"]
[Site "Rome"]
[Date "1982.??.??"]
[Round "?"]
[White "Pinter, Jozsef"]
[Black "Unzicker, Wolfgang"]
[Result "1-0"]
[WhiteElo "2535"]
[BlackElo "2455"]

1.d4 Nf6 2.c4 e6 3.Nc3 Bb4 4.Nf3 O-O 5.Bg5 d6 6.e3 Nc6 7.Qc2 e5 8.dxe5 dxe5
9.Rd1 Qe7 10.Be2 Re8 11.O-O Bxc3 12.Bxf6 Qxf6 13.Qxc3 Qe7 14.a3 Bg4 15.h3 Bh5
16.Rd5 f6 17.Rfd1 Rad8 18.Qb3 Bf7 19.Rxd8 Nxd8 20.Qa4 Nc6 21.b4 a6 22.Nd2 Rd8
23.Bf3 Rd7 24.Bxc6 bxc6 25.Ne4 Rxd1+ 26.Qxd1 Bxc4 27.Qc2 Qe6 28.Nc5 Qd5 29.Qf5 h6
30.Qc8+ Kh7 31.Qxc7 a5 32.Nd7 Kg8 33.Qd8+ Kf7 34.Qf8+ Kg6 35.Qe8+ Kh7 36.Qe7 Kg8
37.Qd8+ Kh7 38.bxa5 Qd1+ 39.Kh2 Qc2 40.Qc7 Qxf2 41.Qxc6 Bd3 42.Nf8+ Kh8 43.Qa8 Bf5
44.Ng6+ Kh7 45.Ne7 Be6 46.Qe4+ Kh8 47.a6  1-0

[Event "Surakarta/Denpasar"]
[Site "Surakarta"]
[Date "1982.??.??"]
[Round "12"]
[White "Hort, Vlastimil"]
[Black "Csom, Istvan"]
[Result "1-0"]
[WhiteElo "2590"]
[BlackElo "2505"]

1.d4 Nf6 2.c4 e6 3.Nc3 Bb4 4.Nf3 c5 5.e3 b6 6.Bd3 Bb7 7.O-O O-O 8.Qe2 Re8
9.Rd1 cxd4 10.exd4 Bf8 11.Bg5 d6 12.c5 Nbd7 13.Bb5 a6 14.Bxf6 gxf6 15.c6 axb5
16.cxb7 Rb8 17.Nxb5 d5 18.Rac1 Rxb7 19.Rc3 Qb8 20.g3 Rc8 21.Rdc1 Rxc3 22.Rxc3 Qd8
23.Ne1 Nb8 24.Nd3 Na6 25.Nf4 Nc7 26.a4 Nxb5 27.Qxb5 Rb8 28.Rc6 Bg7 29.Qb3 f5
30.Qc3 h6 31.Kg2 Qf6 32.Ne2 f4 33.gxf4 Qf5 34.h3 Qe4+ 35.Qf3 Qb1 36.b3 Kh8
37.f5 exf5 38.Ng3 Rg8 39.Qf4 Re8 40.Nxf5 Re6 41.Rxe6 fxe6 42.Ne7 Kh7 43.Qg4  1-0

[Event "Reti mem"]
[Site "Trnava"]
[Date "1982.??.??"]
[Round "3"]
[White "Lechtynsky, Jiri"]
[Black "Damljanovic, Branko"]
[Result "1/2-1/2"]
[WhiteElo "2460"]
[BlackElo "2405"]

1.Nf3 Nf6 2.c4 e6 3.Nc3 Bb4 4.d4 b6 5.Bg5 h6 6.Bh4 g5 7.Bg3 Ne4 8.Qc2 Bb7
9.e3 Bxc3+ 10.bxc3 d6 11.Nd2 Nxg3 12.hxg3 Nd7 13.f3 Qe7 14.Bd3 g4 15.Kf2 h5
16.Rh4 gxf3 17.gxf3 O-O-O 18.Rah1 Qg5 19.Ne4 Qg7 20.Rxh5 Rxh5 21.Rxh5 Bxe4
22.Bxe4 Nf6 23.Rh3 Rh8 24.Rxh8+ Qxh8 25.Kg2 Qh6 26.Qd3 Kd8 27.Bc6 Ke7 28.Ba4 e5
29.Bc6 Qg5 30.f4 Qg4 31.dxe5 dxe5 32.fxe5 Nh5 33.Qd4 Qxg3+ 34.Kf1 Qh3+ 35.Bg2 Qf5+
36.Kg1 Ng7 37.Qh4+ f6 38.exf6+ Qxf6 39.Qe4+ Kd6 40.Qc6+ Ke7 41.Qxc7+ Kf8
42.Qxa7 Qxc3 43.Qb8+ Ne8 44.Qf4+ Nf6 45.Kh2 Qb2 46.Kh3 Ke7 47.Bd5 Nd7 48.Qf7+ Kd6
49.Qe6+ Kc7 50.Qc6+ Kd8 51.Qd6 Qf2 52.e4 Qf1+ 53.Kh4 Qh1+ 54.Kg3 Qg1+ 55.Kf3 Qf1+
56.Ke3 Qe1+ 57.Kf3 Qf1+ 58.Kg4 Qg2+ 59.Kh5 Qh3+ 60.Kg5 Qg2+ 61.Kh6 Qd2+ 62.Kg6 Qg2+
63.Kh7 Qg5 64.a4 Qe7+ 65.Qxe7+ Kxe7 66.Kg6 Nc5 67.Kf5 Nxa4 68.Ke5 Nc5 69.Kd4 Nb3+
70.Kc3 Nc5 71.e5 Na6 72.Bg2 Ke6 73.Kd4 Nc7 74.Bh3+ Ke7 75.Bc8 Kd8 76.Bf5 Ke7
77.Kc3 Kf7 78.Bc8 Ke7 79.Kd4 Kd8 80.Bb7 Ke7 81.Bd5 Kd7 82.Ke4 Ke7 83.Bb7 Ke6
84.Bc8+ Ke7 85.Kf5 Ne8 86.Bb7 Nc7 87.Bc6 Ne6 88.Bd5 Nc7 89.Bg8 Kf8 90.Bd5 Ke7
91.Bb7 Ne6 92.Bc8 Nc7 93.e6 b5 94.cxb5 Nxb5  1/2-1/2

[Event "Reti mem"]
[Site "Trnava"]
[Date "1982.??.??"]
[Round "10"]
[White "Plachetka, Jan"]
[Black "Franzen, Josef"]
[Result "1-0"]
[WhiteElo "2435"]
[BlackElo "2370"]

1.d4 Nf6 2.c4 e6 3.Nc3 Bb4 4.Nf3 b6 5.e3 Bb7 6.Bd3 Ne4 7.O-O f5 8.Qc2 Bxc3
9.bxc3 O-O 10.d5 Nc5 11.Ba3 Nba6 12.Nd4 Qf6 13.Rab1 Rae8 14.Nb5 d6 15.Be2 exd5
16.Bxc5 Nxc5 17.Nxc7 Rc8 18.Nxd5 Bxd5 19.cxd5 Ne4 20.c4 Nc3 21.Rbc1 Nxd5
22.Qb3 Ne7 23.c5+ d5 24.cxb6 axb6 25.g3 Rc5 26.Rb1 Ra8 27.Bf3 h6 28.Rfd1 Qc6
29.h4 Raa5 30.Qxb6 Qxb6 31.Rxb6 Rxa2 32.Rb7 Kf8 33.Rd7 Ra4 34.Rd4 Kf7 35.Rd6 Rb5
36.g4 Rb8 37.g5 hxg5 38.hxg5 Ra1+ 39.Kg2 Rbb1 40.g6+ Ke8 41.Kg3 Rg1+ 42.Bg2 Rh1
43.Bxh1 Rxh1 44.Ra6 Rh6 45.Kf3 Kd7 46.Rb4 Nxg6 47.Ra7+ Ke6 48.Rxg7 Ne5+ 49.Ke2 Nc4
50.Ra7 Nd6 51.Rb6 Rh8 52.Rg7 Rh6 53.Kd3 f4 54.Ra7 Ke5 55.Re7+ Kf5 56.Rd7 fxe3
57.Rbxd6  1-0

[Event "Yerevan zt"]
[Site "Yerevan"]
[Date "1982.??.??"]
[Round "4"]
[White "Giorgadze, Tamaz"]
[Black "Gavrikov, Viktor"]
[Result "1/2-1/2"]
[WhiteElo "2500"]
[BlackElo "2430"]

1.d4 Nf6 2.c4 e6 3.Nc3 Bb4 4.Nf3 c5 5.e3 Nc6 6.Bd3 Bxc3+ 7.bxc3 d6 8.e4 e5
9.d5 Ne7 10.Nh4 h6 11.f4 Ng6 12.Nxg6 fxg6 13.O-O O-O 14.Qe1 Bd7 15.h3 Qe7
16.Rb1 b6 17.Rb2 Nh5 18.f5 g5 19.g3 Nf6 20.g4 Nh7 21.Be3  1/2-1/2

[Event "Candidats (Women) qf4"]
[Site "Alicante"]
[Date "1983.??.??"]
[Round "4"]
[White "Alexandria, Nana"]
[Black "Lematschko, Tatjana"]
[Result "1-0"]
[WhiteElo "2355"]
[BlackElo "2255"]

1.d4 Nf6 2.c4 e6 3.Nc3 Bb4 4.Nf3 c5 5.g3 Ne4 6.Qd3 f5 7.Bg2 cxd4 8.Nxd4 Na6
9.O-O Nac5 10.Qe3 O-O 11.Nxe4 Nxe4 12.Bxe4 fxe4 13.Qxe4 d5 14.Qd3 e5 15.Nc2 Bf5
16.Qb3 Bc5 17.cxd5 Bh3 18.Be3 Bxe3 19.Nxe3 Bxf1 20.Rxf1 Qb6 21.Qa3 Rac8 22.Rd1 Qf6
23.f3 e4 24.f4 Qb6 25.d6 Rf7 26.Kf1 Qb5 27.Rd5 Qd7 28.Kg2 a6 29.Qb4 Re8 30.Nc4 Qg4
31.Qd2 e3 32.Qd3 Qg6 33.Qxg6 hxg6 34.Ne5 Rf6 35.h4 Rd8 36.d7 Rb6 37.b3 Kf8
38.Kf3 Ke7 39.Kxe3 Ke6 40.Rd3 Ke7 41.Rc3  1-0

[Event "Baku"]
[Site "Baku"]
[Date "1983.??.??"]
[Round "?"]
[White "Rashkovsky, Nukhim N"]
[Black "Taimanov, Mark E"]
[Result "1/2-1/2"]
[WhiteElo "2495"]
[BlackElo "2515"]

1.d4 Nf6 2.c4 e6 3.Nc3 Bb4 4.Nf3 c5 5.g3 cxd4 6.Nxd4 Ne4 7.Qd3 Qa5 8.Nb3 Nxc3
9.Bd2 Ne4 10.Qxe4 Bxd2+ 11.Nxd2 O-O 12.Bg2 Na6 13.Qe3 Rb8 14.O-O b6 15.a3 Bb7
16.b4 Qa4 17.Bxb7 Rxb7 18.Ne4 d5 19.cxd5 exd5 20.Nc3 Qd7 21.Rfd1 Nc7 22.Qf3 Qe6
23.Rd4 h6 24.Rad1 Qg6 25.h4 Re8 26.Nxd5 Nxd5 27.Rxd5 Rbe7 28.e3 Qc2 29.Rd7 Qg6
30.Rxe7 Rxe7 31.h5 Qf6 32.Rd8+ Kh7 33.Kg2 Qe5 34.Rf8 f6 35.Ra8 a5 36.bxa5 bxa5
37.g4 Rd7 38.Qc6 Qd5+ 39.Qxd5 Rxd5 40.Kg3 f5 41.gxf5 Rxf5 42.f4 Rxh5 43.Kg4 Rc5
44.Kf3  1/2-1/2

[Event "Baku"]
[Site "Baku"]
[Date "1983.??.??"]
[Round "?"]
[White "Rashkovsky, Nukhim N"]
[Black "Short, Nigel D"]
[Result "0-1"]
[WhiteElo "2495"]
[BlackElo "2475"]

1.d4 Nf6 2.c4 e6 3.Nc3 Bb4 4.Nf3 b6 5.Bg5 Bb7 6.e3 h6 7.Bh4 g5 8.Bg3 Ne4
9.Qc2 Bxc3+ 10.bxc3 d6 11.Bd3 Nxg3 12.fxg3 Nd7 13.Be4 Bxe4 14.Qxe4 Nf6 15.Qd3 O-O
16.O-O Kg7 17.Nd2 Qe7 18.h3 Rae8 19.Rf2 e5 20.Raf1 Nh5 21.e4 Kh7 22.d5 f6
23.Kh2 Rf7 24.Nb3 Ref8 25.Na1 a5 26.Nc2 Ng7 27.Ne3 Kg6 28.g4 Rh8 29.g3 Rff8
30.Rf3 Qd8 31.R1f2 Ne8 32.Qf1 Rh7 33.h4 Rfh8 34.Rf5 Rf7 35.c5 bxc5 36.Qb5 h5
37.hxg5 Rfh7 38.Kg2 h4 39.Qf1 fxg5 40.Rf8 Qe7 41.gxh4 Rxh4 42.R2f5 R4h7 43.Nc4 Rxf8
44.Rxf8 Kg7 45.Rf5 Kg6 46.Nxa5 Rh4 47.Qf3 Nf6 48.Nc6 Qg7 49.Nd8 Rxg4+ 50.Kf1 Rf4
51.Rxf4 exf4 52.Ne6 Qh6 53.a4 Qh2 54.a5 Qc2 55.Qe2 Qxc3 56.a6 f3 57.Qa2 Nxe4
58.Qb1 Qc4+ 59.Kg1 Qe2  0-1

[Event "Bayamo"]
[Site "Bayamo"]
[Date "1983.??.??"]
[Round "?"]
[White "Vera, Reynaldo"]
[Black "Frias, Victor J"]
[Result "1-0"]
[WhiteElo "2420"]
[BlackElo "2440"]

1.d4 Nf6 2.c4 e6 3.Nc3 Bb4 4.Nf3 c5 5.g3 Ne4 6.Qd3 cxd4 7.Nxd4 Qa5 8.Nb3 Nxc3
9.Bd2 Ne4 10.Qxe4 Bxd2+ 11.Nxd2 Nc6 12.Bg2 O-O 13.Qe3 d5 14.O-O d4 15.Qd3 Rd8
16.a3 Qh5 17.f4 e5 18.f5 Bd7 19.b4 Rac8 20.h3 b6 21.Rac1 Qh6 22.g4 Ne7 23.b5 Be8
24.Ne4 Qe3+ 25.Kh2 f6 26.a4 Bf7 27.Rc2 h5 28.Rf3 Qh6 29.Kg1 Rc7 30.Rg3 hxg4
31.hxg4 Qf4 32.e3 Qh6 33.Rh3 Qxh3 34.Bxh3 Rcd7 35.Bg2 dxe3 36.Qxe3 Rd3 37.Qe2 R8d4
38.Nf2 Ra3 39.c5 Bd5 40.Kh2 Bxg2 41.Kxg2  1-0

[Event "Bor"]
[Site "Bor"]
[Date "1983.??.??"]
[Round "13"]
[White "Inkiov, Ventzislav"]
[Black "Stojanovic, Zoran"]
[Result "1-0"]
[WhiteElo "2500"]
[BlackElo "2200"]

1.d4 Nf6 2.Nf3 e6 3.c4 Bb4+ 4.Nc3 O-O 5.e3 c5 6.Bd3 d5 7.O-O Nc6 8.a3 Ba5
9.cxd5 exd5 10.dxc5 Bxc3 11.bxc3 Qa5 12.Qc2 Qxc5 13.c4 dxc4 14.Bxc4 Be6 15.Bd3 Qh5
16.Bb2 Rac8 17.Qa4 Qg4 18.Qxg4 Bxg4 19.Ng5 Rcd8 20.Bb1 Rfe8 21.h3 Be2 22.Re1 Bd3
23.Ba2 Bg6 24.Nf3 Be4 25.Nd4 a6 26.Rac1 Nxd4 27.Bxd4 Bd5 28.Bb1 Ne4 29.Red1 Bc6
30.f3 Ng5 31.Bb6 Rc8 32.Bc2 Ne6 33.Bb3 g6 34.a4 Nf8 35.a5 Ne6 36.Rc2 Ng7
37.e4 Ne6 38.Kf2 Kg7 39.Rdc1 Nf4 40.Ke3 g5 41.h4 h6 42.hxg5 hxg5 43.g3 Ng6
44.Bd5 Ne7 45.Bb3 Nf5+ 46.Kf2 Ne7 47.Bc5 g4 48.Bd4+ Kg6 49.Rh1 gxf3 50.Rh4 Bd7
51.Rxc8 Rxc8 52.Rf4 f5 53.g4 fxe4 54.Rf6+ Kg5 55.Rf7 Nc6 56.Be3+ Kxg4 57.Rxd7 Re8
58.Bd5 Re5 59.Rg7+ Kh4 60.Bf7 Nb4 61.Bf4 Nd3+ 62.Ke3 f2 63.Bxe5 f1=Q 64.Bg3+  1-0

[Event "Elekes mem-A"]
[Site "Budapest"]
[Date "1983.??.??"]
[Round "?"]
[White "Vegh, Endre"]
[Black "Fuesthy, Z."]
[Result "1/2-1/2"]
[WhiteElo "2375"]
[BlackElo "2200"]

1.d4 Nf6 2.c4 e6 3.Nf3 Bb4+ 4.Nc3 b6 5.Bg5 h6 6.Bh4 g5 7.Bg3 Ne4 8.Qc2 Bb7
9.e3 Bxc3+ 10.bxc3 Nxg3 11.hxg3 Qe7 12.g4 d6 13.Bd3 Nd7 14.Qa4 a5 15.Rb1 O-O-O
16.Ke2 h5 17.gxh5 g4  1/2-1/2

[Event "Elekes mem-A"]
[Site "Budapest"]
[Date "1983.??.??"]
[Round "?"]
[White "Navarovszky, Laszlo"]
[Black "Fuesthy, Z."]
[Result "1-0"]
[WhiteElo "2355"]
[BlackElo "2200"]

1.d4 Nf6 2.c4 e6 3.Nc3 Bb4 4.Nf3 b6 5.e3 Bb7 6.Bd3 Ne4 7.O-O Bxc3 8.bxc3 f5
9.Qc2 O-O 10.Nd2 Qh4 11.f3 Nxd2 12.Bxd2 Nc6 13.g3 Qh5 14.e4 Rae8 15.Rae1 fxe4
16.Rxe4 Rf5 17.g4 Rg5 18.Bxg5 Qxg5 19.Re2 Qh4 20.d5 Nd8 21.Re5 h6 22.Rh5 Qe7
23.Re1 Rf8 24.Be4 Qc5+ 25.Kg2 Qxc4 26.dxe6 dxe6 27.Bxb7 Nxb7 28.Rxh6 Nc5
29.Qh7+ Kf7 30.Qg6+ Ke7 31.Qxg7+ Rf7 32.Qg5+ Kd7 33.Qd2+ Kc6 34.Re3 Kb7 35.Rh5 Rd7
36.Qe2 Qa4 37.Rxc5 bxc5 38.Rxe6 Rd1 39.Qe4+ Qxe4 40.Rxe4 Rd2+ 41.Kg3 Rxa2
42.g5  1-0

[Event "Capablanca mem-B"]
[Site "Cienfuegos"]
[Date "1983.??.??"]
[Round "?"]
[White "Vera, Reynaldo"]
[Black "Lukov, Valentin"]
[Result "0-1"]
[WhiteElo "2420"]
[BlackElo "2430"]

1.d4 Nf6 2.c4 e6 3.Nc3 Bb4 4.Nf3 c5 5.g3 cxd4 6.Nxd4 O-O 7.Bg2 d5 8.cxd5 Nxd5
9.Bd2 Nxc3 10.bxc3 Bc5 11.Rb1 e5 12.Nc2 Nc6 13.Rb5 Qe7 14.Ne3 Be6 15.Qb1 Rad8
16.Rxb7 Qd6 17.Qd3 Bb6 18.Qxd6 Rxd6 19.c4 Rfd8 20.Bd5 Na5 21.Bxa5 Bxa5+ 22.Kd1 Bb6
23.Kc1 Bxe3+ 24.fxe3 Rxd5 25.cxd5 Bxd5 26.Rd1 Rc8+ 27.Rc7 Rxc7+ 28.Kb2 Rd7  0-1

[Event "Gausdal Int"]
[Site "Gausdal"]
[Date "1983.??.??"]
[Round "?"]
[White "Plaskett, Jim"]
[Black "Burger, Karl"]
[Result "1-0"]
[WhiteElo "2425"]
[BlackElo "2360"]

1.Nf3 Nf6 2.d4 e6 3.c4 Bb4+ 4.Nc3 b6 5.Bg5 h6 6.Bxf6 Bxc3+ 7.bxc3 Qxf6 8.e4 Nc6
9.e5 Qe7 10.Bd3 d6 11.O-O Bb7 12.exd6 Qxd6 13.c5 bxc5 14.Rb1 Rb8 15.dxc5 Qf4
16.g3 Qg4 17.h3 Qxh3 18.Rxb7 Rxb7 19.Be4 O-O 20.Bxc6 Rb2 21.Nh4 f5 22.Ng6 Rfb8
23.Bf3 Rb1 24.Qxb1 Rxb1 25.Rxb1 f4 26.Rb8+ Kf7 27.Bg4  1-0

[Event "Gjovik"]
[Site "Gjovik"]
[Date "1983.??.??"]
[Round "?"]
[White "Ogaard, Leif"]
[Black "Spassky, Boris V"]
[Result "1/2-1/2"]
[WhiteElo "2485"]
[BlackElo "2605"]

1.d4 Nf6 2.c4 e6 3.Nc3 Bb4 4.Nf3 c5 5.g3 O-O 6.Bg2 Nc6 7.O-O d6 8.dxc5 Bxc3
9.bxc3 dxc5 10.Bf4 Bd7 11.Bd6 Re8 12.Bxc5 e5 13.Nd2 e4 14.Rb1 b6 15.Bd4 Bf5
16.Rb5 Bg6 17.e3 Nd7 18.h4 a6 19.Rd5 f6 20.Bh3 Re7 21.c5 Nxd4 22.cxd4 bxc5
23.dxc5 Qc7 24.Bxd7 Rxd7 25.Nxe4 Rad8 26.Nd6 Bf7 27.Rd4 Qxc5 28.Nxf7 Rxd4
29.exd4 Rxd4 30.Qb3 Qd5 31.Ng5 Qxb3 32.axb3 fxg5 33.hxg5 Rb4 34.Ra1 Rxb3
35.Rxa6  1/2-1/2